000 00612nam a2200229Ia 4500
003 OSt
005 20220923213623.0
006 a|||||r|||| 00| 0
007 ta
008 220922b |||||||| |||| 00| 0 hin d
024 _a163,559
037 _cTextual
040 _aARTS
_cARTS
_bhin
041 _2hin
_ahin
082 _aO152:1N13x, J2
100 _aनरेन्द्र
_9156277
245 0 _aप्रवासी के गीत
246 _aPravāsī ke gīta
260 _c1952
942 _hO152:1N13x, J2
_cTEXL
_2CC
999 _c318039
_d318039